00480nam a2200181Ia 4500003000900000008004100009040001300050040001300063041000800076100001300084100000800097245003100105250001800136260003700154260000900191300001000200600008800210IT-RoPAU120407s9999 xx 000 0 und d aIT-RoPAU cIT-RoPAU aita aAmbrogio csan aOpera omnia di S. Ambrogio aMilano - Roma aBibl. Ambrosiana - Città Nuova c1979 c24 cm aVolumi presenti: 1, 2/1, 2/2, 3, 4, 5,6, 7, 8, 9/1, 10, 11, 12, 13, 14, 15, 16, 18.